| 000 | 00823na a2200241 4500 | ||
|---|---|---|---|
| 001 | 22854 | ||
| 003 | MIRAKIL | ||
| 005 | 20181213155248.0 | ||
| 008 | 170228b tu 000 0 | ||
| 040 |
_aMilas _btur _cTR-AnCHP |
||
| 041 | _atur | ||
| 082 |
_a630.9561 _bZ56b 1931 |
||
| 090 | _a630.9561 Z56b 1931 | ||
| 111 |
_aZiraat Kongresi _cAnkara _d19931 _n1. |
||
| 245 |
_aBirinci Ziraat Kongresi _bihtisas raporları : ziraat sanatları _chazırlayan: TMMOB Ziraat Mühendisleri Odası |
||
| 246 | _aZ ihtisas raporları | ||
| 246 | _aİhtisas raporları | ||
| 260 |
_aAnkara _bMillî İktisat ve Tasarruf Cemiyeti _c1931 _eİstanbul _fAhmet İhsan Matbaası |
||
| 300 |
_axvii ,1369 s. _c24 sm. |
||
| 500 | _aBilgiler dış kapaktan alınmıştır | ||
| 650 |
_aTarım _xToplantılar _zTürkiye |
||
| 942 |
_2ddc _cBKS |
||
| 999 |
_c9500 _d9500 |
||